[Event "Frankfurt Ch 2005"]
[Site "Ffm-Kalbach, LAZ"]
[Date "2005.05.30"]
[Round "5"]
[White "Malek, Daniel"]
[Black "Reschke, Stefan"]
[Result "1-0"]
[WhiteElo "2254"]
[BlackElo "2285"]
[PlyCount "122"]
[EventDate "2005.??.??"]

1. d4 Nf6 2. c4 g6 3. Nc3 Bg7 4. e4 d6 5. Nf3 O-O 6. Be2 e5 7. O-O Na6 8. Re1
Bg4 9. Be3 c6 10. h3 exd4 11. Bxd4 Bc8 12. Bf1 Re8 13. Qc2 Nb4 14. Qd2 c5 15.
Be3 b6 16. Bg5 Bb7 17. Rad1 h6 18. Bxh6 Bxe4 19. Bxg7 Kxg7 20. Nxe4 Nxe4 21.
Qf4 f5 22. a3 Nc6 23. Bd3 Nf6 24. Rxe8 Nxe8 25. Bc2 Qf6 26. Ba4 Ne5 27. Nxe5
Qxe5 28. Qf3 Rb8 29. Qc6 Qe7 30. Kf1 Qf7 31. Qd5 Rd8 32. Bxe8 Qxe8 33. Re1 Qf7
34. Re6 Rd7 35. b3 Qf8 36. h4 Kh7 37. g3 Kg7 38. Kg1 Kh7 39. Kg2 Kg7 40. a4 Kh7
41. Kg1 Kg7 42. h5 gxh5 43. Qd2 Kf7 44. Rh6 Ke8 45. Qg5 Rg7 46. Qxh5+ Kd7 47.
Rh8 Qf7 48. Qf3 d5 49. Ra8 Kc6 50. cxd5+ Kb7 51. d6+ Ka6 52. Rb8 Qe6 53. Qd1 f4
54. Qf1+ c4 55. bxc4 Ka5 56. c5 Kb4 57. cxb6 a5 58. Qb1+ Kc5 59. Qc1+ Kxd6 60.
Qxf4+ Kc5 61. Qc1+ Kb4 1-0

[Event "Frankfurt Ch 2005"]
[Site "Ffm-Kalbach, LAZ"]
[Date "2005.05.30"]
[Round "5"]
[White "Schlamp, Robert"]
[Black "Solonar, Stefan"]
[Result "1-0"]
[WhiteElo "2290"]
[BlackElo "2257"]
[PlyCount "99"]
[EventDate "2005.??.??"]

1. d4 g6 2. e4 Bg7 3. Nf3 d6 4. Be2 c6 5. O-O Nf6 6. Nbd2 O-O 7. Re1 Na6 8. b3
c5 9. Bb2 cxd4 10. Nxd4 Nc5 11. Bf1 b6 12. c4 Bb7 13. f3 e5 14. Nb5 a6 15. Nc3
Nh5 16. b4 Ne6 17. Nb3 Nef4 18. Qc2 Bc8 19. Qf2 Rb8 20. Rad1 Qe7 21. g3 Ne6 22.
Nd5 Qb7 23. Bc1 f5 24. exf5 gxf5 25. f4 e4 26. Bh3 Kh8 27. Be3 b5 28. Na5 Qf7
29. c5 dxc5 30. bxc5 Nc7 31. Nb6 Be6 32. Rd6 Nf6 33. Nc6 Rbe8 34. Ne5 Qh5 35.
Bf1 Rd8 36. Be2 Qe8 37. Red1 Nfd5 38. Rxd8 Qxd8 39. Bd4 Qe8 40. a3 Bf6 41. Nxd5
Bxd5 42. Bc3 Qe6 43. Bh5 Kg7 44. Ba5 Bxe5 45. fxe5 Ba8 46. Rd6 Qe7 47. Bxc7
Qxc7 48. Qd4 Bc6 49. e6+ Kg8 50. Bf7+ 1-0

[Event "Frankfurt Ch 2005"]
[Site "Ffm-Kalbach, LAZ"]
[Date "2005.05.30"]
[Round "5"]
[White "Uwira, Oliver"]
[Black "Mustafa, Wail"]
[Result "1-0"]
[WhiteElo "2112"]
[BlackElo "1924"]
[PlyCount "81"]
[EventDate "2005.??.??"]

1. d4 d5 2. c4 e6 3. Nc3 Nf6 4. Bg5 Be7 5. e3 c6 6. Rc1 Nbd7 7. Bd3 dxc4 8.
Bxc4 Qa5 9. Nf3 Nb6 10. Bb3 Qf5 11. Bc2 Qa5 12. O-O Nbd5 13. Bb1 Nxc3 14. Rxc3
Nd5 15. Rb3 Bxg5 16. Nxg5 Nf6 17. f4 h6 18. Nf3 Qh5 19. Qd3 Nd5 20. Ne5 Qh4 21.
e4 Nc7 22. f5 exf5 23. exf5 Nd5 24. f6 gxf6 25. Nxf7 Kxf7 26. Qg6+ Ke6 27. Qg7
Qxd4+ 28. Kh1 Rd8 29. Re1+ Kd6 30. Rd3 Qxd3 31. Bxd3 Bd7 32. Bc4 Re8 33. Rc1
Re6 34. Bxd5 cxd5 35. Qg3+ Re5 36. Qa3+ Ke6 37. Qh3+ Kd6 38. Qxh6 Re6 39. Qf4+
Ke7 40. Qb4+ Rd6 41. Re1+ 1-0

[Event "Frankfurt Ch 2005"]
[Site "Ffm-Kalbach, LAZ"]
[Date "2005.05.30"]
[Round "5"]
[White "Schlesinger, Omri"]
[Black "Lisanti, Marco"]
[Result "1-0"]
[WhiteElo "2116"]
[BlackElo "1988"]
[PlyCount "39"]
[EventDate "2005.??.??"]

1. e4 e5 2. Nf3 Nc6 3. Bc4 Bc5 4. c3 Nf6 5. d4 exd4 6. cxd4 Bb4+ 7. Nc3 Nxe4 8.
O-O Bxc3 9. d5 Bf6 10. Re1 Ne7 11. Rxe4 d6 12. Bg5 Bxg5 13. Nxg5 O-O 14. Nxh7
Kxh7 15. Qh5+ Kg8 16. Rh4 f5 17. Re1 Bd7 18. Re6 Qe8 19. Qh7+ Kf7 20. Rhh6 1-0

[Event "Frankfurt Ch 2005"]
[Site "Ffm-Kalbach, LAZ"]
[Date "2005.05.30"]
[Round "5"]
[White "Behnick, Eckhard"]
[Black "Göbel, Andreas"]
[Result "1/2-1/2"]
[WhiteElo "2009"]
[BlackElo "1904"]
[PlyCount "87"]
[EventDate "2005.??.??"]

1. Nf3 c5 2. b3 Nf6 3. Bb2 e6 4. g3 Be7 5. Bg2 Nc6 6. O-O O-O 7. c4 d6 8. d4
cxd4 9. Nxd4 Nxd4 10. Qxd4 Qc7 11. Nc3 Bd7 12. Rac1 a6 13. Rfd1 Rac8 14. Ba3
Ne8 15. Qa7 Bc6 16. Nd5 exd5 17. cxd5 Qa5 18. dxc6 Qxa3 19. Rc2 Nf6 20. Qxb7 d5
21. Bh3 Rb8 22. Qa7 Ra8 23. Qd4 Bd8 24. c7 Bxc7 25. Rxc7 Qxa2 26. Rd2 Qb1+ 27.
Kg2 Qxb3 28. Rb2 Qa3 29. Rbb7 Qd6 30. Rc2 Rfd8 31. Rb6 Qe7 32. Bf5 a5 33. Bd3
a4 34. Rcc6 a3 35. Ra6 a2 36. Qa1 Qb7 37. Rxf6 gxf6 38. Rxa2 Rxa2 39. Qxa2 d4+
40. f3 Qd5 41. Qc2 h6 42. Qc7 Qd6 43. Qa5 Qd5 44. Qc7 1/2-1/2

[Event "Frankfurt Ch 2005"]
[Site "Ffm-Kalbach, LAZ"]
[Date "2005.05.30"]
[Round "5"]
[White "Orwatsch, Gerhard"]
[Black "Djakow, Alexander"]
[Result "1-0"]
[WhiteElo "1930"]
[BlackElo "1699"]
[PlyCount "83"]
[EventDate "2005.??.??"]

1. d4 d5 2. Nf3 Nf6 3. Bf4 e6 4. e3 Be7 5. h3 Nbd7 6. Nbd2 b6 7. Bb5 Bb7 8. Ne5
O-O 9. Nc6 Bxc6 10. Bxc6 Rb8 11. a4 Bd6 12. O-O e5 13. Bg5 h6 14. Bh4 g5 15.
Bg3 Qe7 16. Qf3 e4 17. Qe2 Bxg3 18. fxg3 Qd6 19. Bxd7 Nxd7 20. g4 Qe6 21. Rf5
f6 22. c4 dxc4 23. d5 Qe7 24. Qxc4 Qc5 25. Qxc5 Nxc5 26. b4 Nd3 27. Nxe4 Nxb4
28. Nxf6+ Kg7 29. Nh5+ Kg6 30. Raf1 Rxf5 31. Rxf5 Rc8 32. e4 Nc2 33. Kf2 Nd4
34. Rf6+ Kh7 35. Ke3 Nc2+ 36. Kd2 Nd4 37. Kd3 Nb3 38. e5 Nc5+ 39. Kd4 Nb7 40.
Rf7+ Kg8 41. e6 Nd6 42. Nf6+ 1-0

[Event "Frankfurt Ch 2005"]
[Site "Ffm-Kalbach, LAZ"]
[Date "2005.05.30"]
[Round "5"]
[White "Benninger, Rudolf"]
[Black "Röschlau, Bernd"]
[Result "0-1"]
[WhiteElo "1985"]
[BlackElo "2190"]
[PlyCount "108"]
[EventDate "2005.??.??"]

1. e4 c5 2. c3 d5 3. exd5 Qxd5 4. d4 g6 5. Nf3 Bg7 6. Na3 cxd4 7. Nb5 Na6 8.
Be3 Nf6 9. Qxd4 O-O 10. Be2 Bg4 11. Qxd5 Nxd5 12. Bg5 h6 13. Bd2 Nc5 14. h3 Bf5
15. O-O Nd3 16. Nfd4 N3f4 17. Bf3 Bd3 18. Rfe1 e5 19. c4 Bxc4 20. Nd6 Ba6 21.
N4b5 f5 22. Bxf4 Nxf4 23. Bxb7 Bxb7 24. Nxb7 Rab8 25. N5d6 Nd3 26. Re2 e4 27.
Rd1 Rf6 28. f3 Re6 29. fxe4 Nxb2 30. Rdd2 fxe4 31. Nc5 Re7 32. Rxe4 Rxe4 33.
Ncxe4 Na4 34. g3 Nb6 35. Kg2 Be5 36. Rf2 Rd8 37. Rd2 Rd7 38. Nc4 Rxd2+ 39.
Ncxd2 Kf7 40. Kf3 Ke6 41. g4 Kd5 42. Ke3 g5 43. Kd3 Na4 44. Nc4 Nb2+ 45. Nxb2
Bxb2 46. Ng3 Ke5 47. Nf5 h5 48. Ke3 Bc1+ 49. Kf3 h4 50. Ne7 a6 51. Nc6+ Kd6 52.
Nb4 a5 53. Nd3 Bd2 54. Ke4 Bc3 0-1

[Event "Frankfurt Ch 2005"]
[Site "Ffm-Kalbach, LAZ"]
[Date "2005.05.30"]
[Round "5"]
[White "Brehme, Ralf"]
[Black "Escher, Helmut"]
[Result "0-1"]
[WhiteElo "1790"]
[BlackElo "2012"]
[PlyCount "82"]
[EventDate "2005.??.??"]

1. f4 d5 2. Nf3 Nf6 3. e3 g6 4. b3 Bg7 5. Bb2 Nbd7 6. g3 O-O 7. Bg2 b6 8. O-O
Bb7 9. Qe2 c5 10. d3 Rc8 11. Nbd2 Re8 12. Ne5 e6 13. Rad1 Qc7 14. c4 Nxe5 15.
Bxe5 Qe7 16. g4 Nd7 17. Bxg7 Kxg7 18. Nf3 f5 19. h3 h6 20. Qd2 Kh7 21. e4 fxe4
22. dxe4 Nf6 23. exd5 exd5 24. cxd5 Bxd5 25. g5 Nh5 26. Rfe1 Be6 27. gxh6 Rcd8
28. Ng5+ Kxh6 29. Qc1 Rxd1 30. Qxd1 Qf6 31. Qd6 Nxf4 32. Nxe6 Rxe6 33. Rxe6
Nxe6 34. Bd5 Qd4+ 35. Kh1 Ng7 36. Qc6 Qa1+ 37. Kg2 Qxa2+ 38. Kf3 Qh2 39. Qd7
Nf5 40. Ke4 Qe2+ 41. Kf4 Qe3+ 0-1

[Event "Frankfurt Ch 2005"]
[Site "Ffm-Kalbach, LAZ"]
[Date "2005.05.30"]
[Round "5"]
[White "Lehner, Thorsten"]
[Black "Filmann, Andreas"]
[Result "1/2-1/2"]
[WhiteElo "1874"]
[BlackElo "1685"]
[PlyCount "101"]
[EventDate "2005.??.??"]

1. e4 e5 2. d4 d6 3. Nf3 Nf6 4. Nc3 Nbd7 5. Bc4 Be7 6. O-O O-O 7. Re1 c6 8. a4
b6 9. h3 Qc7 10. Ba2 Bb7 11. Be3 Rad8 12. Qe2 h6 13. Rad1 Qc8 14. Nh2 exd4 15.
Bxd4 Ne5 16. f4 Ba6 17. Qf2 Nc4 18. b3 Na5 19. Qf3 c5 20. Bf2 Bb7 21. Nd5 Rfe8
22. c4 Nc6 23. Bb1 Qb8 24. Nf1 Nh7 25. Ng3 Bh4 26. Qg4 Bxg3 27. Qxg3 Ne7 28.
Qd3 Bxd5 29. exd5 Ng6 30. Qg3 Nhf8 31. Be3 Kh8 32. Bd2 Rxe1+ 33. Rxe1 Re8 34.
Kh2 Qd8 35. Re3 Rxe3 36. Qxe3 Qe7 37. Qxe7 Nxe7 38. g4 g6 39. Kg3 Kg7 40. Bc3+
f6 41. g5 hxg5 42. fxg5 Nd7 43. gxf6+ Nxf6 44. Kf4 Kf7 45. Kg5 Nh7+ 46. Kf4 Nf6
47. Bc2 Nh7 48. a5 Nf6 49. Bd3 Nfxd5+ 50. cxd5 Nxd5+ 51. Kg5 1/2-1/2

[Event "Frankfurt Ch 2005"]
[Site "Ffm-Kalbach, LAZ"]
[Date "2005.05.30"]
[Round "5"]
[White "Rondio, Thomas"]
[Black "Makilla, Tobias"]
[Result "1-0"]
[WhiteElo "1680"]
[BlackElo "1466"]
[PlyCount "81"]
[EventDate "2005.??.??"]

1. e4 e5 2. Nf3 Nc6 3. Bb5 a6 4. Ba4 Be7 5. O-O b5 6. Bb3 d6 7. Re1 Na5 8. d4
Nxb3 9. axb3 exd4 10. Nxd4 Bb7 11. c4 c5 12. Nf5 g6 13. Nxe7 Qxe7 14. Nc3 bxc4
15. bxc4 Qe6 16. Nd5 Kd8 17. Nb6 Rb8 18. e5 h5 19. exd6 Qg4 20. Qxg4 hxg4 21.
Bg5+ f6 22. Be3 Bxg2 23. Kxg2 Rxb6 24. Bxc5 Rc6 25. b4 Kd7 26. Re2 Rh3 27. Rea2
f5 28. Rxa6 Rxa6 29. Rxa6 Nf6 30. Ra7+ Kc8 31. Rc7+ Kd8 32. Be3 Ne4 33. c5 Rf3
34. b5 f4 35. Re7 fxe3 36. Rxe4 exf2 37. Kf1 Rf5 38. Rc4 Kc8 39. b6 Rd5 40.
Kxf2 g5 41. Kg3 1-0

[Event "Frankfurt Ch 2005"]
[Site "Ffm-Kalbach, LAZ"]
[Date "2005.05.30"]
[Round "5"]
[White "Gramlich, Sebastian"]
[Black "Kind, Veronika"]
[Result "1-0"]
[WhiteElo "1994"]
[BlackElo "1803"]
[PlyCount "77"]
[EventDate "2005.??.??"]

1. d4 Nf6 2. Bg5 d5 3. Bxf6 exf6 4. e3 Bd6 5. c4 dxc4 6. Bxc4 O-O 7. Nc3 Nd7 8.
Nf3 f5 9. Qc2 Nb6 10. Bb3 c6 11. O-O-O a5 12. a3 Nd7 13. h3 b5 14. d5 Nc5 15.
dxc6 Nxb3+ 16. Qxb3 Qc7 17. Qd5 Be7 18. Nxb5 Qb6 19. Nfd4 Rd8 20. Qc4 a4 21. c7
Rf8 22. Qc6 Qa5 23. Rd2 Ra6 24. Qc3 Qb6 25. Rc2 Qb7 26. Rd1 h6 27. Qc4 Bd7 28.
Nc3 Rc8 29. Nd5 Bf8 30. g4 fxg4 31. hxg4 Rg6 32. Nf5 Bxf5 33. gxf5 Rg5 34. e4
Rg4 35. f6 g6 36. f3 Rg3 37. Ne7+ Bxe7 38. fxe7 Rxf3 39. Rd8+ 1-0

[Event "Frankfurt Ch 2005"]
[Site "Ffm-Kalbach, LAZ"]
[Date "2005.05.30"]
[Round "5"]
[White "Bischoff, Ulrich"]
[Black "Ortmann, David"]
[Result "0-1"]
[WhiteElo "1971"]
[BlackElo "2279"]
[PlyCount "54"]
[EventDate "2005.??.??"]

1. e4 e6 2. d4 d5 3. Nc3 Bb4 4. e5 c5 5. a3 Bxc3+ 6. bxc3 Ne7 7. a4 Nbc6 8. Nf3
Qa5 9. Bd2 Bd7 10. Be2 O-O 11. O-O Qc7 12. Re1 h6 13. Bd3 c4 14. Bf1 f6 15. Bc1
fxe5 16. dxe5 Rf7 17. Ba3 Rd8 18. g3 Qa5 19. Nd4 Nxd4 20. cxd4 Nf5 21. Be2 Bxa4
22. Bh5 Rdd7 23. Bxf7+ Rxf7 24. Bc1 Nxd4 25. Bf4 Qxe1+ 26. Qxe1 Nf3+ 27. Kf1
Nxe1 0-1

[Event "Frankfurt Ch 2005"]
[Site "Ffm-Kalbach, LAZ"]
[Date "2005.05.30"]
[Round "5"]
[White "Brüggemann, Ludger"]
[Black "Noble, Alexander"]
[Result "1-0"]
[WhiteElo "2187"]
[BlackElo "1972"]
[PlyCount "93"]
[EventDate "2005.??.??"]

1. d4 e6 2. Nf3 Nf6 3. g3 b6 4. Bg2 Bb7 5. O-O Be7 6. c4 O-O 7. Nc3 Ne4 8. d5
Nxc3 9. bxc3 d6 10. dxe6 fxe6 11. Nd4 Bxg2 12. Kxg2 Qd7 13. e4 Na6 14. Qg4 Rf6
15. a4 Nc5 16. a5 Raf8 17. Be3 Rg6 18. Qh5 Nxe4 19. Qb5 Qc8 20. axb6 axb6 21.
Qc6 Nc5 22. Ra7 Bd8 23. Ra8 Qd7 24. Qxd7 Nxd7 25. Nc6 Bg5 26. Rxf8+ Nxf8 27. f4
Bf6 28. Ra1 e5 29. f5 Rg4 30. Ra7 Rxc4 31. Rxc7 d5 32. Bxb6 e4 33. Bd4 Bxd4 34.
cxd4 g6 35. g4 gxf5 36. gxf5 h6 37. Kg3 Nh7 38. Ne7+ Kg7 39. Nxd5+ Rxc7 40.
Nxc7 Nf6 41. Kf4 Kf7 42. Nb5 Ke7 43. Nc3 e3 44. h3 Nh5+ 45. Ke5 Ng3 46. Nd5+
Ke8 47. Nxe3 1-0

[Event "Frankfurt Ch 2005"]
[Site "Ffm-Kalbach, LAZ"]
[Date "2005.05.30"]
[Round "5"]
[White "Wendel, Stephan"]
[Black "Syed, Tareq"]
[Result "1-0"]
[WhiteElo "2153"]
[BlackElo "1944"]
[PlyCount "102"]
[EventDate "2005.??.??"]

1. e4 e5 2. Nf3 Bc5 3. Nxe5 Nc6 4. Nxc6 dxc6 5. c3 Qe7 6. Qf3 Nf6 7. d4 Bb6 8.
Bd3 c5 9. dxc5 Bxc5 10. Bg5 h6 11. Bxf6 gxf6 12. Nd2 Rg8 13. Nb3 Bb6 14. h3 Be6
15. O-O-O O-O-O 16. Bc2 Kb8 17. Kb1 Bc4 18. Nd4 Bxd4 19. Rxd4 Rxd4 20. cxd4 Qd6
21. Qc3 Qa6 22. b3 Bf1 23. g4 Rg5 24. f4 Rg8 25. Rh2 Rd8 26. Rf2 Bb5 27. e5
fxe5 28. fxe5 Be8 29. Rf6 Qe2 30. Rxh6 Qf1+ 31. Kb2 Qf4 32. Rh8 a6 33. Bf5 Qg5
34. Qc5 Qg7 35. Rh7 Qg8 36. Kc3 Bc6 37. Qe7 Re8 38. Qxf7 Qg5 39. Qxc7+ Ka8 40.
Bd3 Qe3 41. Rd7 Qe1+ 42. Kc2 Qf2+ 43. Kb1 Qe1+ 44. Kb2 Bxd7 45. Qxd7 Rf8 46.
Bf5 Qd2+ 47. Ka3 Qc1+ 48. Kb4 Qd2+ 49. Ka3 Qc1+ 50. Ka4 b5+ 51. Ka5 Qa3+ {...}
1-0

[Event "Frankfurt Ch 2005"]
[Site "Ffm-Kalbach, LAZ"]
[Date "2005.05.30"]
[Round "5"]
[White "Smit, Josip"]
[Black "Diekmann, HaJo"]
[Result "1/2-1/2"]
[WhiteElo "1906"]
[BlackElo "2110"]
[PlyCount "120"]
[EventDate "2005.??.??"]

1. e4 c5 2. c3 d5 3. exd5 Qxd5 4. d4 e5 5. dxe5 Qxe5+ 6. Be3 Nf6 7. Nf3 Qc7 8.
Bg5 Be7 9. Be2 O-O 10. O-O Nc6 11. Qc2 Be6 12. Nbd2 Rad8 13. Bxf6 Bxf6 14. Ne4
Qe7 15. Rfe1 h6 16. Ng3 Qc7 17. b3 Bd5 18. Rac1 Rfe8 19. Qf5 Ne7 20. Qg4 Be6
21. Qa4 Nd5 22. Ne4 Be7 23. b4 a6 24. bxc5 Bxc5 25. Nxc5 Qxc5 26. c4 Nf4 27.
Bf1 Bd7 28. Qb3 Bc6 29. g3 Rxe1 30. Rxe1 Ne6 31. Rd1 Rxd1 32. Qxd1 Qa3 33. Ne5
Qxa2 34. Qd6 Qa4 35. Qe7 Ng5 36. Nxc6 Qxc6 37. Qd8+ Kh7 38. Qd3+ Qe4 39. Qxe4+
Nxe4 40. Bd3 f5 41. f3 Nd2 42. Bxf5+ g6 43. Bc8 Nxc4 44. Bxb7 a5 45. Kf2 Kg7
46. Bd5 Nb6 47. Ba2 Kf6 48. Ke3 Ke5 49. f4+ Kd6 50. Kd4 Nd7 51. Bf7 Nf8 52. g4
Ne6+ 53. Ke3 g5 54. Bxe6 gxf4+ 55. Kxf4 Kxe6 56. Ke4 a4 57. Kd4 a3 58. Kc3 Ke5
59. h4 Kf4 60. g5 Kf5 1/2-1/2

[Event "Frankfurt Ch 2005"]
[Site "Ffm-Kalbach, LAZ"]
[Date "2005.05.30"]
[Round "5"]
[White "Schwenkreis, Thomas"]
[Black "Rosselli, Marten"]
[Result "1-0"]
[WhiteElo "2109"]
[BlackElo "1933"]
[PlyCount "117"]
[EventDate "2005.??.??"]

1. Nf3 d5 2. b3 Bg4 3. e3 Nf6 4. h3 Bh5 5. Be2 e6 6. Bb2 Be7 7. d3 c5 8. Nbd2
Nbd7 9. g4 Bg6 10. g5 Nh5 11. Nh2 Bxg5 12. Bxh5 Bxe3 13. Bf3 Bd4 14. Bxd4 cxd4
15. Bg2 Rc8 16. O-O O-O 17. Ndf3 e5 18. Re1 f6 19. Nh4 Bf7 20. Qg4 h5 21. Qe2
g6 22. Kh1 f5 23. N4f3 Qf6 24. h4 e4 25. Ng5 Nc5 26. Rg1 Rfe8 27. Qd1 Ne6 28.
Bf1 Nf4 29. Rg3 Re7 30. Qd2 Ne6 31. dxe4 fxe4 32. Bh3 Rf8 33. Rd1 Nf4 34. Bf1
Rc7 35. Qxd4 Qxd4 36. Rxd4 Rxc2 37. f3 Rc1 38. Rg1 Re8 39. fxe4 dxe4 40. Nxf7
Kxf7 41. Bc4+ Rxc4 42. Rxc4 Nd3 43. Rf1+ Kg8 44. Rd4 Re7 45. Kg2 Kg7 46. Kg3 a6
47. Nf3 Nc5 48. Re1 e3 49. Ng5 Nd7 50. Kf4 Nf6 51. Rxe3 Rc7 52. Ne6+ Kh6 53.
Nxc7 b5 54. Re7 a5 55. Rd8 g5+ 56. hxg5+ Kg6 57. Rd6 h4 58. Rxf6+ Kh5 59. Rh6#
1-0

[Event "Frankfurt Ch 2005"]
[Site "Ffm-Kalbach, LAZ"]
[Date "2005.05.30"]
[Round "5"]
[White "Schalow, Daniel"]
[Black "Yilmaz, Ahmet"]
[Result "0-1"]
[WhiteElo "2032"]
[BlackElo "1916"]
[PlyCount "40"]
[EventDate "2005.??.??"]

1. d4 d5 2. c3 Nf6 3. Bg5 Ne4 4. Bf4 c6 5. Nd2 Bf5 6. Ngf3 h6 7. e3 e6 8. Qb3
Qb6 9. Be2 Nd7 10. O-O g5 11. Nxe4 Qxb3 12. axb3 dxe4 13. Nxg5 hxg5 14. Bxg5
Bd6 15. g4 Bxh2+ 16. Kg2 Bd6 17. gxf5 Rg8 18. fxe6 Rxg5+ 19. Kh3 Ke7 20. Kh4 f6
0-1

[Event "Frankfurt Ch 2005"]
[Site "Ffm-Kalbach, LAZ"]
[Date "2005.05.30"]
[Round "5"]
[White "Völker, Sebastian"]
[Black "Hausmann, Hans-Ulrich"]
[Result "1-0"]
[WhiteElo "1989"]
[BlackElo "1859"]
[PlyCount "53"]
[EventDate "2005.??.??"]

1. e4 d6 2. d4 Nf6 3. Nc3 g6 4. Be3 Bg7 5. f3 O-O 6. Qd2 e5 7. Nge2 Nc6 8.
O-O-O exd4 9. Nxd4 Nxd4 10. Bxd4 Be6 11. g4 c5 12. Be3 Qa5 13. Kb1 b5 14. Nd5
Qxd2 15. Nxf6+ Bxf6 16. Rxd2 Rfd8 17. Bxb5 Rab8 18. c4 Rb6 19. g5 Be7 20. a4
Rdb8 21. a5 R6b7 22. Rhd1 a6 23. Bxa6 Rb3 24. Re2 R8b4 25. Ka2 Rxc4 26. Kxb3
Rc1+ 27. Rd5 1-0

[Event "Frankfurt Ch 2005"]
[Site "Ffm-Kalbach, LAZ"]
[Date "2005.05.30"]
[Round "5"]
[White "Storck, Eike-Werner"]
[Black "Rubel, Julian"]
[Result "1/2-1/2"]
[WhiteElo "1894"]
[BlackElo "1981"]
[PlyCount "56"]
[EventDate "2005.??.??"]

1. d4 Nf6 2. Nc3 d5 3. Bg5 c6 4. f3 Qb6 5. Rb1 Nbd7 6. e4 dxe4 7. Bc4 e6 8.
fxe4 Bb4 9. a3 Bxc3+ 10. bxc3 Qa5 11. Bxf6 Qxc3+ 12. Qd2 Qxd2+ 13. Kxd2 Nxf6
14. e5 Nd5 15. Nf3 b6 16. Ng5 O-O 17. Rhf1 f6 18. exf6 gxf6 19. Ne4 Kg7 20. Rb3
Ne7 21. Rg3+ Ng6 22. h4 f5 23. h5 fxe4 24. Rxf8 Kxf8 25. hxg6 hxg6 26. Rxg6 Kf7
27. Rg4 Bd7 28. Ke3 Rh8 1/2-1/2

[Event "Frankfurt Ch 2005"]
[Site "Ffm-Kalbach, LAZ"]
[Date "2005.05.30"]
[Round "5"]
[White "Diaz, Joaquin"]
[Black "Lemonidis, Christos"]
[Result "1-0"]
[WhiteElo "2012"]
[BlackElo "1822"]
[PlyCount "70"]
[EventDate "2005.??.??"]

1. e4 d6 2. d4 g6 3. Nc3 Bg7 4. Be3 Nh6 5. f3 f6 6. Bc4 Nd7 7. Qd2 Nf7 8. O-O-O
c6 9. Bb3 b5 10. Nge2 Nb6 11. Nf4 Nc4 12. Bxc4 bxc4 13. d5 c5 14. Ne6 Bxe6 15.
dxe6 Ng5 16. Qd5 Qc8 17. e5 Nxe6 18. exd6 exd6 19. Ne4 O-O 20. Nxd6 Qd7 21.
Rhe1 Kh8 22. Nxc4 Qxd5 23. Rxd5 Rfd8 24. Red1 Bf8 25. Nd6 Kg8 26. Ne4 Nd4 27.
Rxd8 Rxd8 28. c3 Rc8 29. Nxf6+ Kf7 30. Nxh7 Bg7 31. Ng5+ Ke8 32. Ne4 Nf5 33.
Bxc5 Bh6+ 34. Kb1 Rc6 35. Bxa7 Nh4 1-0

[Event "Frankfurt Ch 2005"]
[Site "Ffm-Kalbach, LAZ"]
[Date "2005.05.30"]
[Round "5"]
[White "Achelrod, Alexandre"]
[Black "Cors, Heinz-Friedrich"]
[Result "0-1"]
[WhiteElo "1847"]
[BlackElo "1970"]
[PlyCount "126"]
[EventDate "2005.??.??"]

1. d4 Nf6 2. c4 e6 3. Nc3 Bb4 4. e3 O-O 5. Qc2 d5 6. Nf3 c5 7. Bd3 dxc4 8. Bxc4
Qc7 9. dxc5 Qxc5 10. Bd3 b6 11. O-O Bb7 12. Nd4 Nc6 13. Nb3 Qe7 14. Ne4 Rac8
15. Qe2 Nxe4 16. Bxe4 Rfd8 17. a3 Bd6 18. g3 Be5 19. f4 Bf6 20. g4 g6 21. g5
Bg7 22. h4 Na5 23. Bxb7 Nxb7 24. e4 Nd6 25. e5 Nf5 26. Qf2 Qb7 27. Be3 Rd3 28.
Nd4 Nxe3 29. Nb5 Nf5 30. Rad1 Rxd1 31. Rxd1 Bf8 32. Nd6 Nxd6 33. exd6 Bxd6 34.
Kh2 Qc7 35. Kg3 Rd8 36. Re1 Bc5 37. Qc2 Rd4 38. Rf1 a5 39. Rf3 Qd6 40. a4 Rd1
41. b3 Qd5 42. Qe2 Qd2 43. Qxd2 Rxd2 44. Kh3 Kf8 45. Kg4 Ke7 46. Rg3 Rd4 47.
Rf3 Bd6 48. Kg3 Rxf4 49. Rxf4 Bxf4+ 50. Kxf4 Kd6 51. Ke4 e5 52. Kd3 Kd5 53. Kc3
e4 54. b4 axb4+ 55. Kxb4 Kd4 56. Kb5 e3 57. Kxb6 e2 58. a5 e1=Q 59. a6 Ke5 60.
a7 Qa1 61. Kb7 Kf4 62. a8=Q Qxa8+ 63. Kxa8 Kg4 0-1

[Event "Frankfurt Ch 2005"]
[Site "Ffm-Kalbach, LAZ"]
[Date "2005.05.30"]
[Round "5"]
[White "Arvin, Manutcher"]
[Black "Wolf, Udo"]
[Result "0-1"]
[WhiteElo "1753"]
[BlackElo "1963"]
[PlyCount "66"]
[EventDate "2005.??.??"]

1. e4 e6 2. d4 d5 3. exd5 exd5 4. Bd3 c5 5. dxc5 Bxc5 6. Nf3 Nf6 7. O-O O-O 8.
Nbd2 Nc6 9. Nb3 Bb6 10. c3 Qd6 11. h3 Re8 12. Nbd4 a6 13. Be3 Bc7 14. Ne2 Nh5
15. Qd2 Ne5 16. Ned4 Nxd3 17. Qxd3 Nf4 18. Bxf4 Qxf4 19. Rad1 Qf6 20. Rfe1 Bd7
21. Nb3 Be6 22. Nbd4 Rad8 23. Nxe6 fxe6 24. Rd2 e5 25. Rde2 e4 26. Qc2 Rf8 27.
Nd4 h5 28. Qb3 b5 29. Qc2 h4 30. a4 Qd6 31. Re3 Qh2+ 32. Kf1 Qh1+ 33. Ke2 Qxg2
0-1

[Event "Frankfurt Ch 2005"]
[Site "Ffm-Kalbach, LAZ"]
[Date "2005.05.30"]
[Round "5"]
[White "Matzies, Alexander"]
[Black "Fischer, Arthur"]
[Result "1-0"]
[WhiteElo "1922"]
[BlackElo "1875"]
[PlyCount "23"]
[EventDate "2005.??.??"]

1. e4 e6 2. d4 d5 3. exd5 exd5 4. c4 Bb4+ 5. Nc3 Ne7 6. Nf3 O-O 7. Bd3 dxc4 8.
Bxc4 Nd5 9. O-O Nxc3 10. bxc3 Bxc3 11. Ng5 Qf6 12. Qd3 1-0

[Event "Frankfurt Ch 2005"]
[Site "Ffm-Kalbach, LAZ"]
[Date "2005.05.30"]
[Round "5"]
[White "Schiffer, Steve"]
[Black "Noble, Fabian"]
[Result "0-1"]
[WhiteElo "2054"]
[BlackElo "1728"]
[PlyCount "94"]
[EventDate "2005.??.??"]

1. e4 d6 2. d4 Nf6 3. Nc3 c6 4. Nf3 Bg4 5. h3 Bh5 6. Bd3 e6 7. e5 Nd5 8. Ne4 c5
9. exd6 cxd4 10. O-O Nc6 11. g4 Bg6 12. Re1 Bxd6 13. Bb5 Bxe4 14. Rxe4 O-O 15.
Bxc6 bxc6 16. Rxd4 Bc5 17. Rc4 Qb6 18. Qe2 Rad8 19. Bg5 Rd6 20. c3 Qb5 21. a4
Qa6 22. Re1 Bb6 23. Bh4 Re8 24. Bg3 Rd7 25. Ne5 Rc7 26. Kg2 c5 27. b3 Qb7 28.
Kh2 Ba5 29. Qc2 Rcc8 30. Nd3 Qe7 31. Ne5 Bc7 32. f4 Bd6 33. Rce4 Qc7 34. c4 Nb4
35. Qe2 Rb8 36. Re3 f6 37. Nd3 Nxd3 38. Rxe6 Rxe6 39. Qxe6+ Kf8 40. Rd1 Re8 41.
Qd5 Bxf4 42. Qxd3 Bxg3+ 43. Kg2 Qf4 44. Rf1 Qe3 45. Qxh7 Qe2+ 46. Kxg3 Re3+ 47.
Kh4 g5+ 0-1

[Event "Frankfurt Ch 2005"]
[Site "Ffm-Kalbach, LAZ"]
[Date "2005.05.30"]
[Round "5"]
[White "Blum, Ralph"]
[Black "Enders, Georg"]
[Result "1-0"]
[WhiteElo "2013"]
[BlackElo "1707"]
[PlyCount "69"]
[EventDate "2005.??.??"]

1. d4 Nf6 2. c4 g6 3. Nc3 d5 4. Nf3 Bg7 5. Qb3 dxc4 6. Qxc4 O-O 7. e4 c6 8. Be2
Nbd7 9. O-O Nb6 10. Qd3 Qc7 11. Ne5 Nfd7 12. f4 Rd8 13. Qg3 Nxe5 14. dxe5 e6
15. h4 h5 16. Be3 Nd7 17. Rad1 b6 18. Qg5 Bb7 19. g4 hxg4 20. Qxg4 Nf8 21. Rc1
Qe7 22. h5 gxh5 23. Qxh5 Ng6 24. Rf2 Rd7 25. Rg2 Rad8 26. Rf1 Ra8 27. Qg4 Qh4
28. Qf3 Qd8 29. f5 exf5 30. e6 Nh4 31. Rxg7+ Kxg7 32. Qg3+ Kh7 33. Bg5 Qxg5 34.
Qxg5 Rg8 35. Qxg8+ 1-0

[Event "Frankfurt Ch 2005"]
[Site "Ffm-Kalbach, LAZ"]
[Date "2005.05.30"]
[Round "5"]
[White "Karsten, Heinrich"]
[Black "Liebske, Erwin"]
[Result "1-0"]
[WhiteElo "1975"]
[BlackElo "1702"]
[PlyCount "73"]
[EventDate "2005.??.??"]

1. c4 Nf6 2. g3 e6 3. Bg2 d5 4. Nf3 Be7 5. O-O Nbd7 6. b3 O-O 7. Bb2 Nb6 8. d3
Bd7 9. Nbd2 Ng4 10. e4 f5 11. h3 Nh6 12. Ne5 c6 13. f4 Be8 14. Qc2 Rc8 15. Rae1
Bf6 16. exd5 exd5 17. Ndf3 Bh5 18. Nd4 Re8 19. Re3 Qd6 20. c5 Qc7 21. cxb6 Qxb6
22. Kh2 Rc7 23. Rfe1 Rec8 24. Ne6 Re7 25. Nc5 Rd8 26. Bd4 Qb4 27. Qb2 b6 28.
Na4 c5 29. Bc3 Qb5 30. d4 Rc7 31. Bf1 Qe8 32. Ng4 Qf8 33. Nxf6+ gxf6 34. dxc5
bxc5 35. Bxf6 Rdd7 36. Bb5 d4 37. Bc4+ 1-0

[Event "Frankfurt Ch 2005"]
[Site "Ffm-Kalbach, LAZ"]
[Date "2005.05.30"]
[Round "5"]
[White "Pliss, Viktor"]
[Black "Richter, Thomas"]
[Result "1-0"]
[WhiteElo "1777"]
[BlackElo "1953"]
[PlyCount "36"]
[EventDate "2005.??.??"]

1. e4 g6 2. d4 Bg7 3. Be3 d6 4. Nc3 Nf6 5. Qd2 Ng4 6. Bg5 h6 7. Bh4 Nd7 8. f3
Ngf6 9. Bf2 O-O 10. O-O-O c6 11. h4 b5 12. g4 Qa5 13. Kb1 b4 14. Nce2 h5 15.
Ng3 Nb6 16. e5 Nfd5 17. N1e2 Na4 18. Ne4 Rb8 {Rest nicht nachvollziehbar} 1-0